Cálculo vectorial intrínseco
Gardado en:
| Autor Principal: | |
|---|---|
| Formato: | Libro |
| Idioma: | Lingua castelá |
| Publicado: |
Madrid
Dossat
1959
|
| Edición: | 4a. ed |
| Subjects: | |
| Tags: |
Engadir etiqueta
Sen Etiquetas, Sexa o primeiro en etiquetar este rexistro!
|
MARC
| LEADER | 00000nam a2200000 a 4500 | ||
|---|---|---|---|
| 001 | UCZ8335 | ||
| 003 | CL-VaPUC | ||
| 008 | 960119e19590000SP |||||||||||||||||spa|d | ||
| 082 | 0 | 4 | |a 515.63 |b MAT |2 21 |
| 100 | |a Mataix Aracil, Carlos |e autor |9 424182 | ||
| 245 | 1 | 0 | |a Cálculo vectorial intrínseco |
| 250 | |a 4a. ed | ||
| 300 | |a 145 p | ||
| 942 | |c BK | ||
| 945 | |d 19960119 00:00:00 |a mcarcey | ||
| 260 | |a Madrid |b Dossat |c 1959 | ||
| 650 | 0 | |a Cálculo |9 260234 | |
| 650 | 0 | |a Análisis vectorial |9 260451 | |
| 650 | 0 | |a Matemática |9 260235 | |
| 583 | |a last modification |c 19960119 00:00:00 |k Rodrigo Vera | ||
| 999 | |c 244264 |d 244262 | ||
| 952 | |0 0 |1 0 |4 0 |6 515_630000000000000_MAT_1959 |7 0 |8 A |9 258266 |a BIBMAT |b BIBMAT |d 2019-11-19 |i 3170578 |o 515.63 MAT 1959 |p 3170578 |r 2025-01-07 |w 2019-11-19 |y BK |k MAT | ||